|
|
|
|
| LEADER |
00000nam a2200000Ia 4500 |
| 008 |
180629b1997 cr ||||| |||| 00| | spa d |
| 999 |
|
|
|c 1953
|d 1953
|
| 090 |
|
|
|a 06.05.02
|b 1628
|
| 100 |
|
|
|a Suárez, Ana Leyla
|9 3831
|
| 245 |
1 |
4 |
|a Los mapas conceptuales: una técnica cognitiva para ayudar a la calidad de la educación /
|c Ana Leyla Suárez; María Isabel Corella Espinoza; Arnobio Maya B.
|
| 260 |
|
|
|a San José, Costa Rica :
|b MEP, SIMED,
|c 1997
|
| 300 |
|
|
|a 137 páginas
|
| 650 |
1 |
4 |
|a MÉTODOS PEDAGÓGICOS
|9 824
|
| 650 |
1 |
4 |
|a CALIDAD DE LA EDUCACIÓN
|9 11
|
| 700 |
|
|
|a Corella Espinoza, María Isabel
|9 3832
|
| 700 |
1 |
|
|a Maya Betancourt, Arnobio
|9 212
|
| 942 |
|
|
|i 002840
|h 06.05.02 1628
|2 z
|c 01
|